000 00691nam a2200229Ia 4500
005 20240217112348.0
008 131103s9999 xx 000 0 und d
020 _a275985857
040 _aLoreto College
041 _aEnglish
082 _a363.7
_bJOH
100 _aJohansen, Bruce Elliott, 1950-
245 _aGlobal warming in the 21st century
_cBruce Elliott Johansen
260 _aLondon
_bAtlanta
_c2007
300 _av. 2
_b ill.
504 _av.2 Melting ice and warming seas
630 _aGlobal warming - Political aspects, 21st century
650 _aGlobal warming - Environmental aspects, 21st century
651 _aNatural Disasters
850 _aLCLIB
942 _cBK
999 _c18076
_d68555